000 00744 a2200241 4500
502 _aThèse de Doctorat
260 _aWageningen
653 1 _aAgronomie
100 _aHENGEVELD, Annechien Frederique
041 _bEn
260 _bUniversité de Wageningen
300 _a150 p.
245 _aPyruvate dehydrogenase : its structure, function and interactions within the pyruvate dehydrogenase multienzyme complex
300 _bIll., Couv. ill. ; 24 cm
260 _c24 Avril 2002
130 _lEn
040 _aSupport
041 _bEn
653 1 _aNutrition et Sciences Alimentaires
100 _uAbomey-Calavi, Université d'Abomey-Calavi, Faculté des Sciences Agronomiques, Bj
020 _a90-5808-620-8
999 _c32204
_d32204